A model for marriage : (Record no. 20918)

MARC details
000 -LEADER
fixed length control field 02072cam a2200385 a 4500
001 - CONTROL NUMBER
control field 14427411
003 - CONTROL NUMBER IDENTIFIER
control field OSt
005 - DATE AND TIME OF LATEST TRANSACTION
control field 20251205114720.0
008 - FIXED-LENGTH DATA ELEMENTS--GENERAL INFORMATION
fixed length control field 060626s2006 ilu b 001 0 eng
010 ## - LIBRARY OF CONGRESS CONTROL NUMBER
LC control number 2006020885
020 ## - INTERNATIONAL STANDARD BOOK NUMBER
International Standard Book Number 0830827609
Qualifying information pbk. : alk. paper
020 ## - INTERNATIONAL STANDARD BOOK NUMBER
International Standard Book Number 9780830827602
Qualifying information pbk. : alk. paper
020 ## - INTERNATIONAL STANDARD BOOK NUMBER
International Standard Book Number 9780830827602
035 ## - SYSTEM CONTROL NUMBER
System control number 14427411
035 ## - SYSTEM CONTROL NUMBER
System control number (OCoLC)70258834
040 ## - CATALOGING SOURCE
Original cataloging agency DLC
Transcribing agency DLC
Modifying agency BAKER
-- C#P
-- BTCTA
-- YDXCP
-- DLC
050 00 - LIBRARY OF CONGRESS CALL NUMBER
Classification number BV835
Item number .B33 2006
082 00 - DEWEY DECIMAL CLASSIFICATION NUMBER
Classification number 261.8/3581
Edition number 22
100 1# - MAIN ENTRY--PERSONAL NAME
Personal name Balswick, Jack O.
245 12 - TITLE STATEMENT
Title A model for marriage :
Remainder of title covenant, grace, empowerment and intimacy /
Statement of responsibility, etc. Jack O. Balswick and Judith K. Balswick.
260 ## - PUBLICATION, DISTRIBUTION, ETC. (IMPRINT)
Place of publication, distribution, etc. Downers Grove, Ill. :
Name of publisher, distributor, etc. IVP Academic,
Date of publication, distribution, etc. c2006.
300 ## - PHYSICAL DESCRIPTION
Extent 211 p. ;
Dimensions 23 cm.
336 ## - CONTENT TYPE
Content type term text
Content type code txt
Source rdacontent
337 ## - MEDIA TYPE
Media type term unmediated
Media type code n
Source rdamedia
338 ## - CARRIER TYPE
Carrier type term volume
Carrier type code nc
Source rdacarrier
504 ## - BIBLIOGRAPHY, ETC. NOTE
Bibliography, etc Includes bibliographical references (p. [194]-206) and indexes.
505 0# - FORMATTED CONTENTS NOTE
Formatted contents note The dilemma of modern marriage -- A trinitarian model of marriage -- Covenant marriage : the greatest of these is love -- The gracing marriage : grace-full love -- The empowering marriage: mutual empowerment and mutual servanthood -- The intimate marriage: knowing and being known -- Leaving, cleaving and becoming one flesh -- Differentiated unity -- Communication, connection, communion -- Conflict : the fertilizer of growth -- The seasons of marriage -- The dual-earner marriage : an elaborate balancing act -- Sexuality in its splendor : one-flesh mystery -- Marital spirituality.
650 #0 - SUBJECT ADDED ENTRY--TOPICAL TERM
Topical term or geographic name as entry element Marriage
General subdivision Religious aspects
-- Christianity.
700 1# - ADDED ENTRY--PERSONAL NAME
Personal name Balswick, Judith K.
856 41 - ELECTRONIC LOCATION AND ACCESS
Materials specified Table of contents only
Uniform Resource Identifier <a href="http://www.loc.gov/catdir/toc/ecip0616/2006020885.html">http://www.loc.gov/catdir/toc/ecip0616/2006020885.html</a>
906 ## - LOCAL DATA ELEMENT F, LDF (RLIN)
a 7
b cbc
c orignew
d 1
e ecip
f 20
g y-gencatlg
942 ## - ADDED ENTRY ELEMENTS (KOHA)
Source of classification or shelving scheme Library of Congress Classification
Koha item type General Collection
Holdings
Withdrawn status Lost status Source of classification or shelving scheme Not for loan Home library Current library Shelving location Date acquired Source of acquisition Inventory number Total Checkouts Full call number Barcode Date last seen Copy number Price effective from Koha item type
    Library of Congress Classification   Kabarak, Main Campus Kabarak, Main Campus General Stacks 05/12/2025 Donation 2025/3742   BV835 .B33 2006 C.1 38694 05/12/2025 C.1 05/12/2025 General Collection
Designed with assistance from East African Informatics Ltd